Normal view
MARC view
Entry Personal Name
001 - CONTROL NUMBER
- control field: 71929
003 - CONTROL NUMBER IDENTIFIER
- control field: dpl
005 - DATE AND TIME OF LATEST TRANSACTION
- control field: 20240924165614.0
008 - FIXED-LENGTH DATA ELEMENTS
- fixed length control field: 240924|| aca||aabn | a|a d
040 ## - CATALOGING SOURCE
- Original cataloging agency: dpl
- Transcribing agency: dpl
100 ## - HEADING--PERSONAL NAME
- Personal name: तिवारी, अरविन्द
670 ## - SOURCE DATA FOUND
- Source citation: Work cat.: (dpl)205043: तिवारी, अरविन्द , अरविंद तिवारी: संकलित व्यंग्य/, 2021
